| 000 | 00563nam a22002057a 4500 | ||
|---|---|---|---|
| 003 | OSt | ||
| 005 | 20140710181028.0 | ||
| 008 | 140710b xxu||||| |||| 00| 0 eng d | ||
| 020 | _a0071360476 | ||
| 040 | _cDNLM | ||
| 082 |
_aQY90 A23c 2003 _bA |
||
| 100 |
_aAnderson Shauna _9452 |
||
| 245 |
_aClinical chemistry: _bconcepts and applications |
||
| 260 |
_aNew York: _bMcGraw-hill _c2003 |
||
| 300 |
_axvii,723p; _bill _c28.5cm |
||
| 504 | _aReferences, index included | ||
| 650 |
_aClinical chemistry _9428 |
||
| 700 |
_aCockayne, Susan _9453 |
||
| 942 |
_2z _cO_SHELF |
||
| 999 |
_c172 _d172 |
||